Poslední Rimania povesť z časov Theodosia Veľkého

Bibliographic Details
Main Author: Jeske-Choiński, Teodor, 1854-1920 (Author)
Other Authors: Červenovodský, V., 1894-1975 (Translator)
Format: Book
Language:Slovak
Polish
PhysicalDescription:338 strán ilustrácie 24 cm
Published: Košice [vydavateľ nie je známy] 1933
Subjects:

MARC

LEADER 00000cam a2200000 a 4500
001 vtls008376840
003 SK-MaSNL
005 20260302023027.0
008 251104s1933 xo a gr 000 f slo
015 |a SNBA19191938-004495 
020 |q (brožované) 
035 |a SK01SNKBSKHR20010069057 
035 |a SKM000071520 
040 |a SNK  |b slo  |c SNK  |e AACR2 
041 1 |a slo  |h pol 
043 |a e------  |a ff-----  |a aw----- 
044 |a xo  |c SK 
072 7 |a 821.162.1  |x Poľská literatúra  |2 konspekt 
080 |a 821.162.1-31  |2 2011 
080 |a 821-311.6  |2 2011 
080 |a (37)  |2 2011 
100 1 |a Jeske-Choiński, Teodor,  |d 1854-1920  |4 aut  |9 669255 
245 1 0 |a Poslední Rimania  |b povesť z časov Theodosia Veľkého  |c Th. Jeske-Choiński ; poslovenčil V. Černovodský 
260 |a Košice  |b [vydavateľ nie je známy]  |c 1933 
300 |a 338 strán  |b ilustrácie  |c 24 cm 
500 |a Preložené z poľštiny 
500 |a Poznámky pod čiarou 
500 |a Románová príloha "Slovenského ľudu" 
600 0 7 |a Theodosius  |b I.,  |c cisár rímskej ríše,  |d 347-395  |2 SNKMA  |9 507931 
651 7 |a Rímska ríša  |2 SNKPHgeo  |9 212347 
655 7 |a poľské romány  |2 SNKPH  |9 70521 
655 7 |a historické romány  |2 SNKPH  |9 70253 
700 1 |a Červenovodský, V.,  |d 1894-1975  |4 trl  |9 177746 
852 |a Slovenská národná knižnica 
954 |a beletria cudzojazyčná (svetová)  |2 lita 
958 |a EUIPO 
958 |a RK 
958 |a TL 
958 |a LX 
958 |a PL 
958 |a OND 
958 |a UP 
999 |c 1035021  |d 1036951 
952 |a SNK  |b SNK  |y PREZ  |7 0  |p 17A0727561  |o snkSC 1943  |i snk1175/36  |0 0  |1 0  |4 0  |d 2018-03-06  |l 0  |r 2025-06-11 00:00:00  |w 2026-02-24